Application of evolutionary approach to solving vehicle routing problem with time windows

Guardado en:
Detalles Bibliográficos
Autor principal: Brezina, Ivan, 1963-
Otros Autores: Čičková, Zuzana, 1978-, Pekár, Juraj, 1972-
Formato: Capítulo de libro
Lenguaje:inglés
Materias:
Etiquetas: Agregar Etiqueta
Sin Etiquetas, Sea el primero en etiquetar este registro!

MARC

LEADER 00000naa$a2200000$$$4500
001 0110424
005 20240717095934.5
041 0 |a eng 
044 |a SK 
245 1 0 |a Application of evolutionary approach to solving vehicle routing problem with time windows  |c Ivan Brezina, Zuzana Čičková, Juraj Pekár 
610 2 0 |a algoritmy 
610 2 0 |a ekonometria 
610 2 0 |a systémy informačné 
610 2 0 |a automobily 
610 2 0 |a informatika ekonomická 
100 1 |a Brezina, Ivan, 1963- 
700 1 |a Čičková, Zuzana, 1978- 
700 1 |a Pekár, Juraj, 1972-